Essentials of understanding psychology

Gespeichert in:
Bibliographische Detailangaben
1. Verfasser: Feldman, Robert S. 1947-
Weitere Verfasser: Feldman, Robert S. 1945- 1963- 1947-
Format: Buch
Sprache:English
Veröffentlicht: New York McGraw Hill 2011
Ausgabe:9th ed.
Schlagworte:
Tags: Tag hinzufügen
Keine Tags, Fügen Sie den ersten Tag hinzu!
Thư viện lưu trữ: Mạng thư viện Đại học Đà Nẵng
LEADER 01346nam a2200349 4500
001 000023478
003 19929
005 20151211101257.0
008 151211s2011 engsd
020 |a 9780073382807 (alk. paper)  |a 0073382809 (mhid : alk. paper) 
041 0 |a eng 
082 1 4 |a 150  |b FE-R 
100 1 |a Feldman, Robert S.  |d 1947-  |q Robert Stephen 
245 1 0 |a Essentials of understanding psychology  |c Robert S. Feldman 
250 |a 9th ed. 
260 |a New York  |b McGraw Hill  |c 2011 
300 |a 1 v.  |b ill. (chiefly col.)  |c 28 cm. 
500 |a An abbreviated version of the author's Understanding psychology. 10th ed. c2011. 
504 |a Includes bibliographical references and index. 
650 0 |a Psychology  |v Textbooks  |z United States 
653 |a Tâm lý học 
700 1 |a Feldman, Robert S.  |d 1945-  |d 1963-  |d 1947-  |q Robert Stephen  |q Pamela A.  |t Understanding psychology 
OWN |a LSP 
AVA |a UDN50  |b LSP  |d 150 FE-R  |e available  |t Error 5001 Not defined in file expand_doc_bib_avail.  |f 2  |g 0  |h N  |i 0  |k 1 
999 |a From the UDN01 
AVA |a UDN50  |b LSP  |d 150 FE-R  |e available  |t Error 5001 Not defined in file expand_doc_bib_avail.  |f 2  |g 0  |h N  |i 0  |k 1 
TYP |a Monograph 
TYP |a Printed language 
980 |a Mạng thư viện Đại học Đà Nẵng